| 000 | 00609nam a2200121Ia 4500 | ||
|---|---|---|---|
| 008 | 171212s9999 xx 000 0 und d | ||
| 020 | _a9781922144201 | ||
| 245 |
_ceditor Bayliss-Smith, Tim;Bennett, Judith A. _aAn Otago Storeman in Solomon Islands _bThe diary of William Crossan, copra trader, 1885-86 |
||
| 260 |
_bANU E Press _c2012 |
||
| 650 | _aCrossan, William; Copra industry -- Solomon Islands -- History; Merchants -- New Zealand -- Biography; New Zealand -- History -- 19th century; Solomon Islands -- History -- 19th century | ||
| 650 | _aHistory | ||
| 856 | _uwww.jstor.org/stable/10.2307/j.ctt24hb4r | ||
| 999 |
_c350988 _d350988 |
||